[Event "Zonal 3.3"]
[Site "Tagaytay City PHI"]
[Date "2011.05.25"]
[Round "2"]
[White "Antonio,R"]
[Black "Pascua,H"]
[Result "1-0"]
[WhiteElo "2589"]
[BlackElo "2323"]

1.e4 c5 2.Nf3 Nc6 3.Bb5 g6 4.Bxc6 dxc6 5.d3 Bg7 6.h3 Nf6 7.Nc3 Nd7 8.Be3 e5
9.Qd2 Qe7 10.Bh6 f6 11.Bxg7 Qxg7 12.Qe3 b6 13.Nd2 Nf8 14.f4 Qh6 15.O-O exf4
16.Qxf4 Qxf4 17.Rxf4 Nd7 18.a4 Ke7 19.a5 b5 20.Re1 Ne5 21.Ref1 Rf8 22.Nb3 c4
23.Nc5 cxd3 24.cxd3 b4 25.N3a4 Rd8 26.Rxf6 Bf5 27.R1xf5 gxf5 28.Re6+ Kf7
29.Rxe5 fxe4 30.Rxe4 Rd6 31.Rxb4  1-0

[Event "1st Alimini Village Open"]
[Site "Alimini ITA"]
[Date "2011.05.26"]
[Round "7"]
[White "Glek,I"]
[Black "Zielinski,We"]
[Result "1-0"]
[WhiteElo "2424"]
[BlackElo "2137"]

1.e4 c5 2.Nf3 Nc6 3.Bb5 d6 4.O-O Bd7 5.Re1 Nf6 6.c3 a6 7.Ba4 b5 8.Bc2 Bg4
9.a4 Rb8 10.axb5 axb5 11.d4 e6 12.dxc5 Bxf3 13.Qxf3 Ne5 14.Qg3 h5 15.f4 h4
16.Qh3 Ned7 17.cxd6 Bxd6 18.e5 Bc5+ 19.Kh1 Nh5 20.f5 Rb6 21.b4 Bf2 22.Rf1 Bg3
23.Be3 Bxe5 24.Bxb6 Nxb6 25.fxe6 Rh6 26.Qf3 Ng3+ 27.Kg1 f6 28.Qc6+ Kf8 29.Rd1 Qb8
30.hxg3 hxg3 31.Ra7 Rh1+  1-0

[Event "1st Alimini Village Open"]
[Site "Alimini ITA"]
[Date "2011.05.26"]
[Round "7"]
[White "Piscopo,P"]
[Black "Plachkinova,T"]
[Result "1/2-1/2"]
[WhiteElo "2417"]
[BlackElo "2137"]

1.e4 c5 2.Nf3 Nc6 3.Bb5 e6 4.c3 Nge7 5.d4 cxd4 6.cxd4 d5 7.e5 Qb6 8.Nc3 Bd7
9.O-O Nxe5 10.dxe5 Bxb5 11.Be3 Qa6 12.Nxb5 Qxb5 13.Nd4 Qd7 14.Rc1 Nc6 15.Nxc6 bxc6
16.Qg4 Rb8 17.b3 h5 18.Qa4  1/2-1/2

[Event "TCh-FRA Top 12 2011"]
[Site "Mulhouse FRA"]
[Date "2011.05.26"]
[Round "1.4"]
[White "Sanikidze,T"]
[Black "Lazarev,V"]
[Result "1-0"]
[WhiteElo "2524"]
[BlackElo "2443"]

1.e4 c5 2.Nf3 Nc6 3.Bb5 g6 4.Bxc6 dxc6 5.d3 Bg7 6.h3 Nf6 7.Nc3 Nd7 8.O-O Nf8
9.Be3 Ne6 10.Qd2 Nd4 11.Ne1 e5 12.Bh6 O-O 13.Bxg7 Kxg7 14.f4 exf4 15.Qxf4 f6
16.Rf2 Be6 17.Nd1 Qe7 18.Ne3 Rad8 19.Nf3 Qd6 20.Qxd6 Nxf3+ 21.Rxf3 Rxd6 22.b3 Rf7
23.a4 Rd8 24.Kf2 f5 25.exf5 Bxf5 26.Nxf5+ Rxf5 27.Rxf5 gxf5 28.Re1 Kf6 29.g4 Rg8
30.gxf5 Rg7 31.Re4 Kxf5 32.Rc4 b6 33.a5 Ke5 34.b4 Kd5 35.axb6 axb6 36.bxc5 b5
37.Rh4 Kxc5 38.Ke3 Rg2 39.c3 Rg3+ 40.Ke4 Rg7 41.Rh5+ Kb6 42.h4 Rg4+ 43.Kf3 Rg7
44.d4 Re7 45.Rh6 Kc7 46.h5 Kd7 47.Kf2 Kc7 48.Kf3 Kd7 49.Kf4 Kc7 50.Rf6 Kd7
51.h6 Kc7 52.Kf5 Re3 53.Rf7+ Kd6 54.Rxh7 Kd5 55.Rd7+ Kc4  1-0

[Event "TCh-FRA Top 12 2011"]
[Site "Mulhouse FRA"]
[Date "2011.05.26"]
[Round "1.3"]
[White "Svetushkin,D"]
[Black "Kallai,G"]
[Result "1-0"]
[WhiteElo "2561"]
[BlackElo "2460"]

1.e4 c5 2.Nf3 Nc6 3.Bb5 g6 4.Bxc6 dxc6 5.h3 Bg7 6.d3 Nf6 7.Nc3 Nd7 8.O-O e5
9.Be3 Qe7 10.Nd2 Nf8 11.f4 exf4 12.Bxf4 Ne6 13.Bh2 O-O 14.Nc4 Rd8 15.e5 Nd4
16.Qd2 Bf5 17.Rae1 Nxc2 18.Qxc2 Bxd3 19.Qb3 Bxf1 20.Kxf1 Qe6 21.Nd6 Qxb3
22.axb3 b6 23.Nce4 h6 24.g4 a5 25.Nc3 Bf8 26.h4 f6 27.Nde4 fxe5 28.Bxe5 Bg7
29.Bc7 Rf8+ 30.Kg2 Ra6 31.Na4 b5 32.Naxc5 Ra7 33.Ne6 Re8 34.Nxg7 Kxg7 35.Bb6 Rf7
36.Bd4+ Kf8 37.Be3 Rfe7 38.Bc5 Kg8  1-0

[Event "Zonal 3.3"]
[Site "Tagaytay City PHI"]
[Date "2011.05.26"]
[Round "4"]
[White "Goh Weiming"]
[Black "Nguyen Huynh Minh Huy"]
[Result "1-0"]
[WhiteElo "2424"]
[BlackElo "2464"]

1.e4 c5 2.Nf3 Nc6 3.Bb5 d6 4.O-O Bd7 5.Re1 Nf6 6.c3 a6 7.Bf1 Bg4 8.h3 Bh5
9.g4 Bg6 10.d4 e5 11.dxe5 dxe5 12.Qc2 Be7 13.Nbd2 O-O 14.Nc4 Qc7 15.Bg5 Nd5
16.Bxe7 Qxe7 17.Qc1 Nf6 18.Nh4 b5 19.Nd2 Nd7 20.Ndf3 c4 21.Qe3 Rfd8 22.Rad1 Nf8
23.Rd5 f6 24.Red1 Bf7 25.Nf5 Qc7 26.Qc5 Bxd5 27.exd5 Rac8 28.Qxc6 Qa7 29.d6 Rxc6
30.Ne7+ Kh8 31.Nxc6 Qa8 32.Nxd8 Qxd8 33.b3 cxb3 34.axb3 Ne6 35.c4 Nd4 36.Nxd4 Qxd6
37.cxb5 axb5 38.Rc1 g6 39.Nxb5 Qb4 40.Rc7 Qxb3 41.Nd6 Qb6 42.Rd7 Qc6 43.Bb5 Qc3
44.Bc4 h5 45.Bd5 hxg4 46.hxg4 Qd4 47.Ne4 Qd1+ 48.Kg2 Qe2 49.Kg3 Qd3+ 50.Kg2  1-0

[Event "ch-Siberia Men"]
[Site "Barnaul RUS"]
[Date "2011.05.27"]
[Round "8"]
[White "Barlakov,A"]
[Black "Malyshev,Sergey"]
[Result "1/2-1/2"]
[WhiteElo "2308"]
[BlackElo "2311"]

1.e4 c5 2.Nf3 Nc6 3.Bb5 g6 4.Bxc6 dxc6 5.d3 Bg7 6.h3 e5 7.Nc3 Qc7 8.Be3 b6
9.O-O Nf6 10.Qd2 O-O 11.Bh6 Rd8 12.Bxg7 Kxg7 13.Qe3 Nd7 14.Nh2 Nf8 15.f4 exf4
16.Rxf4 Ne6 17.Rf2 Nd4 18.Raf1 Be6 19.Ng4 Bxg4 20.Rxf7+ Qxf7 21.Rxf7+ Kxf7
22.hxg4 Kg7 23.Qd2 Rf8 24.Nd1 Rf7 25.c3 Ne6 26.d4 Rd8 27.d5 cxd5 28.exd5 h6
29.c4 Nd4 30.b4 Re8 31.bxc5 bxc5 32.Qa5 Re4 33.Nf2 Ne2+ 34.Kf1 Ng3+ 35.Kg1 Rxc4
36.d6 Ne2+ 37.Kh2 Nf4 38.Qc7 Ne6 39.Qc8 Nf8 40.Nd3 Nd7 41.Qc7 g5 42.a4 Rc3
43.Ne1 Ne5 44.Qc8 Rd7 45.Nf3 Nxg4+ 46.Kg3 Nf6 47.Kh2 Rxd6 48.Ne5 Rd5 49.Qe6 Rxe5
50.Qxe5 Re3 51.Qc7+ Kg6 52.Kg1 Ne4 53.Qe5 c4 54.Qe8+ Kf5 55.Qb5+ Kf4 56.Qxc4 g4
57.Qf7+ Kg5 58.Qg7+ Kf5 59.Qf7+ Kg5 60.Qg7+ Kf5  1/2-1/2

[Event "Zonal 3.3"]
[Site "Tagaytay City PHI"]
[Date "2011.05.27"]
[Round "6"]
[White "Goh Weiming"]
[Black "Bitoon,R"]
[Result "1-0"]
[WhiteElo "2424"]
[BlackElo "2480"]

1.e4 c5 2.Nf3 Nc6 3.Bb5 d6 4.O-O Bd7 5.Re1 a6 6.Bf1 Bg4 7.c3 Nf6 8.h3 Bh5
9.g4 Bg6 10.d4 Nxe4 11.d5 Nf6 12.dxc6 bxc6 13.Bg2 e6 14.Qa4 Rc8 15.Qxa6 Be7
16.Nbd2 O-O 17.Qe2 Nd5 18.Nf1 Ra8 19.Ng3 Ra4 20.b3 Nxc3 21.Qd2 Ra5 22.Qxc3 Bf6
23.Ne5 c4 24.Bg5 Rxe5 25.Bxf6 Qxf6 26.Rxe5 cxb3 27.axb3 dxe5 28.Bxc6 Qh4
29.Ra8 Rxa8 30.Bxa8 h6  1-0

[Event "ch-UZB Major w"]
[Site "Tashkent UZB"]
[Date "2011.05.28"]
[Round "8"]
[White "Ibragimova,I UZB"]
[Black "Tokhirjanova,H"]
[Result "1/2-1/2"]
[WhiteElo "1864"]
[BlackElo "2106"]

1.e4 c5 2.Nf3 Nc6 3.Bb5 d6 4.Bxc6+ bxc6 5.d3 Bg4 6.h3 Bxf3 7.Qxf3 e5 8.Nc3 Qb6
9.O-O g6 10.Qe2 Bg7 11.a4 Ne7 12.a5 Qc7 13.f4 exf4 14.Bxf4 O-O 15.e5 dxe5
16.Be3 Nf5 17.Bxc5 Ng3 18.Qf2 Nxf1 19.Bxf8 Rxf8 20.Qxf1 f5 21.Ra4 Rb8 22.b3 Qd6
23.Nd1 Rb4 24.Ra2 e4 25.Nf2 Qg3 26.dxe4 fxe4 27.Qe1 Bd4 28.Kf1 Rb5 29.c3 Qxc3
30.Qxc3 Bxc3 31.Nxe4 Bxa5 32.Rc2 Rxb3 33.Rxc6 Bb6 34.Nf6+ Kg7 35.Nd5 Bd4
36.Nf4 Be3 37.Nd5 Bd4 38.Nf4 Kh6 39.Ra6 Rb2 40.Nd3 Rd2 41.Ra3 Kg5 42.g3 Kf5
43.Nf4 Ke4 44.Ne2 Be3 45.Ke1 Rb2 46.Nc3+ Kf3 47.Nd1 Re2+ 48.Kf1 g5 49.g4 h6
50.Rb3 a5 51.Nc3 a4 52.Ra3 Rd2  1/2-1/2

[Event "XXX Zalakaros Open"]
[Site "Zalakaros HUN"]
[Date "2011.05.28"]
[Round "9"]
[White "Pergel,L"]
[Black "Konnyu,J"]
[Result "1-0"]
[WhiteElo "2270"]
[BlackElo "2384"]

1.e4 c5 2.Nf3 Nc6 3.Bb5 Nf6 4.Bxc6 dxc6 5.d3 Bg4 6.h3 Bh5 7.Nc3 Nd7 8.g4 Bg6
9.Bf4 Qa5 10.Qe2 h5 11.Nh4 Bh7 12.gxh5 c4 13.Bd2 cxd3 14.cxd3 O-O-O 15.b4 Qxb4
16.Rb1 Qd6 17.Nf3 e5 18.Be3 Nc5 19.Bxc5 Qxc5 20.Qb2 b6 21.Ke2 f5 22.Rhc1 Rxd3
23.Nb5 fxe4 24.Nxe5 cxb5 25.Qxb5 Rc3 26.Rxc3 Qxc3 27.Qd7+ Kb8 28.Nc6+ Qxc6
29.Qxc6  1-0

[Event "e2e4 Sunningdale Open"]
[Site "Ascot ENG"]
[Date "2011.05.29"]
[Round "4"]
[White "Pleasants,A"]
[Black "Andreev,Pete"]
[Result "1-0"]
[WhiteElo "2066"]
[BlackElo "1880"]

1.e4 c5 2.Nf3 Nc6 3.Bb5 g6 4.O-O Bg7 5.Re1 e5 6.d3 Nge7 7.Bg5 h6 8.Be3 d6
9.c3 O-O 10.Bxc6 bxc6 11.d4 cxd4 12.cxd4 Qc7 13.Qc2 f5 14.dxe5 dxe5 15.Nbd2 f4
16.Bc5 g5 17.Nc4 Rd8 18.Red1 Be6 19.Bd6 Rxd6 20.Rxd6  1-0

[Event "TCh-SLO"]
[Site "Ljubljana SLO"]
[Date "2011.05.29"]
[Round "3"]
[White "Kavcic,Z"]
[Black "Jelen,Ig"]
[Result "1-0"]
[WhiteElo "2291"]
[BlackElo "2401"]

1.e4 c5 2.Nf3 Nc6 3.Bb5 g6 4.O-O Bg7 5.c3 Nf6 6.d4 cxd4 7.cxd4 Nxe4 8.d5 Nd6
9.Na3 a6 10.Bd3 Nb4 11.Nc4 Nxc4 12.Bxc4 b5 13.Bb3 a5 14.a3 Na6 15.Bg5 h6
16.Bxe7 Kxe7 17.d6+ Kf8 18.Qd5 Kg8 19.Qxa8 Kh7 20.Qd5 a4 21.Bc2 Qf6 22.Rab1 Re8
23.Qxb5 Qxd6 24.Rfd1 Qf8 25.Re1 Rxe1+ 26.Rxe1 Nc5 27.Bxa4 Nxa4 28.Qxa4 Bxb2
29.Qb4 Qg7 30.Rd1 Bc3 31.Qc4  1-0

[Event "ch-UZB Major"]
[Site "Tashkent UZB"]
[Date "2011.05.29"]
[Round "9"]
[White "Dzhumaev,M"]
[Black "Kvon,A"]
[Result "0-1"]
[WhiteElo "2489"]
[BlackElo "2459"]

1.e4 c5 2.Nf3 Nc6 3.Bb5 d6 4.O-O Bd7 5.Re1 Nf6 6.h3 e6 7.c3 Be7 8.d4 cxd4
9.cxd4 d5 10.e5 Ne4 11.Bf1 Qb6 12.Nc3 Nxc3 13.bxc3 Na5 14.Bd3 Rc8 15.Rb1 Qd8
16.Bd2 Rc7 17.Nh2 Nc4 18.Bf4 Na3 19.Rc1 h5 20.Nf3 Nc4 21.Qe2 Bb5 22.Nd2 Ba6
23.a4 Kd7 24.Nb3 Kc8 25.Rb1 Qd7 26.a5 Qa4 27.Be3 Na3 28.Rb2 Bxd3 29.Qxd3 Qc4
30.Qd1 Qxc3 31.Ree2 Kb8 32.a6 Nc4 33.Rb1 b6 34.Bf4 Rhc8 35.Rc2 Qb4 36.Nc5 Qa5
37.Qxh5 Bxc5 38.dxc5 Qxc5 39.Qg5 g6 40.h4 Qd4 41.Re1 Qc5 42.g4 d4 43.Rd1 Rd7
44.Rd3 Qd5 45.Re2 Qb5 46.Re1 Qb2 47.Red1 Rcd8 48.h5 gxh5 49.gxh5 Qe2 50.h6 Nb2
51.R3d2 Qf3 52.Rf1 Na4 53.h7 Qe4 54.Qg7 Qg6+ 55.Qxg6 fxg6 56.Bg5 Rh8 57.Rc1 Nc5
58.Bf6 Rhxh7 59.Rc4 Kc7 60.Rcxd4 Rxd4 61.Rxd4 Rd7 62.Rg4 Nxa6 63.Rxg6 Kc6
64.f4 Kd5 65.Kf2 Nc5 66.Ke3 Rh7 67.Kf3 Rh3+ 68.Kg4 Rh1 69.Kf3 Rf1+ 70.Ke3 Rh1
71.Kf3 Rf1+ 72.Ke3 Rb1 73.Kf3 Rb3+ 74.Kg4 Ne4 75.Bh4 Rb1 76.Kf3 Rf1+ 77.Ke3 Rh1
78.Bd8 Rh3+ 79.Ke2 Nc5 80.Bg5 b5 81.Rg8 b4 82.Rb8 b3 83.Kd1 Kc4 84.Rc8 Rh1+
85.Kd2 Rh2+ 86.Kc1 Kd4 87.Kb1 Nd3 88.Rd8+ Ke4  0-1

[Event "84th ch-St Petersburg"]
[Site "St Petersburg RUS"]
[Date "2011.05.31"]
[Round "11"]
[White "Yemelin,V"]
[Black "Bazeev,G"]
[Result "1-0"]
[WhiteElo "2584"]
[BlackElo "2315"]

1.e4 c5 2.Nf3 Nc6 3.Bb5 g6 4.Bxc6 dxc6 5.d3 Bg7 6.h3 Nf6 7.Nc3 Nd7 8.Be3 e5
9.Qd2 h6 10.O-O Qe7 11.a3 a5 12.Nh2 b5 13.Rae1 Ba6 14.b3 b4 15.Ne2 h5 16.Bg5 Qd6
17.f4 c4 18.bxc4 Qc5+ 19.Kh1 exf4 20.Bxf4 bxa3 21.Nf3 O-O 22.Bh6 Bb2 23.Bxf8 Rxf8
24.Rb1 Ne5 25.Qg5 Qd6 26.Nxe5 Bxe5 27.Rb6 Bc8 28.Rxc6 Qb8 29.Nf4 Bxf4 30.Qxf4 Qb4
31.c5  1-0

[Event "29th Liechtenstein Open"]
[Site "Triesen LIE"]
[Date "2011.06.01"]
[Round "6.8"]
[White "Kessler,L"]
[Black "Kelecevic,N"]
[Result "1/2-1/2"]
[WhiteElo "2152"]
[BlackElo "2279"]

1.e4 c5 2.Nf3 Nc6 3.Bb5 d6 4.O-O Bd7 5.c3 a6 6.Ba4 b5 7.Bc2 Bg4 8.h3 Bh5
9.d3 e6 10.Nbd2 Nf6 11.Re1 Be7 12.Nf1 O-O 13.Ng3 Bg6 14.Nh4 Nd7 15.Nxg6 hxg6
16.Be3 Rc8 17.f4 Bh4 18.Bf2 b4 19.Qd2 bxc3 20.bxc3 Qa5 21.Red1 d5 22.exd5 exd5
23.c4 Qxd2 24.Rxd2 Nf6 25.Bb3 Rfd8 26.cxd5 Nxd5 27.Ne2 Bxf2+ 28.Kxf2 Nf6
29.Kf3 Na5 30.Rad1 Rd6 31.Nc3 Rcd8 32.Ke3 Re8+ 33.Kf3 Red8 34.Ke3 Re8+  1/2-1/2

[Event "Scandinavian Chess Tournament"]
[Site "Stockholm SWE"]
[Date "2011.06.02"]
[Round "3"]
[White "Fomina,T"]
[Black "Kupreichik,V"]
[Result "0-1"]
[WhiteElo "2224"]
[BlackElo "2430"]

1.e4 c5 2.Nf3 Nc6 3.Bb5 d6 4.d4 cxd4 5.Qxd4 Bd7 6.Bxc6 Bxc6 7.Nc3 Nf6 8.Bg5 e6
9.O-O-O Be7 10.Rhe1 O-O 11.Qd2 h6 12.Bf4 e5 13.Bg3 b5 14.Kb1 Rc8 15.Nh4 b4
16.Nd5 Nxd5 17.exd5 Ba4 18.b3 Bxh4 19.Bxh4 Qxh4 20.g3 Qe7 21.bxa4 f5 22.f4 e4
23.Qd4 Qd7 24.Re3 Qxa4 25.Rb3 a5 26.g4 fxg4 27.Qxe4 Rce8 28.Qd4 Re2 29.f5 Rxh2
30.Qxg4 Rxc2 31.Rb2 Rxb2+ 32.Kxb2 Qa3+ 33.Kb1 b3 34.Rd2 bxa2+  0-1

[Event "Mayor's Cup of Good Wine"]
[Site "Hustopece CZE"]
[Date "2011.06.04"]
[Round "7"]
[White "Kalod,R"]
[Black "Plat,V"]
[Result "1/2-1/2"]
[WhiteElo "2500"]
[BlackElo "2426"]

1.e4 c5 2.Nf3 Nc6 3.Bb5 g6 4.c3 Bg7 5.d4 cxd4 6.cxd4 Nf6 7.Nc3 a6 8.Bxc6 dxc6
9.h3 O-O 10.O-O b5 11.Qe2 a5 12.Rd1 b4 13.Na4 Ba6 14.Qc2 Bb5 15.Nc5 Nd7 16.Bf4 Nxc5
17.Qxc5 Be2 18.Rd2 Bxf3 19.gxf3 Qd7 20.Kg2 f5 21.e5 Qe6 22.h4 Rfd8 23.Rc1 Ra6
24.b3 Kf7 25.Kf1 Bf8  1/2-1/2

[Event "3rd Orissa Open"]
[Site "Bhubaneswar IND"]
[Date "2011.06.05"]
[Round "10"]
[White "Stany,G"]
[Black "Venkatesh,M"]
[Result "0-1"]
[WhiteElo "2407"]
[BlackElo "2463"]

1.e4 c5 2.Nf3 Nc6 3.Bb5 d6 4.O-O Bd7 5.Re1 Nf6 6.c3 a6 7.Bf1 Bg4 8.d4 cxd4
9.cxd4 e5 10.d5 Nd4 11.Be3 Nxf3+ 12.gxf3 Bd7 13.Nc3 Be7 14.Qb3 O-O 15.Qxb7 Nh5
16.Kh1 Bh4 17.Ne2 f5 18.Ng3 Rb8 19.Qa7 Rf7 20.Qxa6 f4 21.Nxh5 fxe3 22.Rxe3 Bxf2
23.Qe2 Bxe3 24.Qxe3 Qh4 25.Ng3 Rxb2 26.Be2 Bb5 27.a4 Bxe2 28.Nxe2 Qh3 29.Rc1 h6  0-1

[Event "FSFMB June"]
[Site "Budapest HUN"]
[Date "2011.06.05"]
[Round "2"]
[White "Bernula,Istvan"]
[Black "Heiszler,R"]
[Result "1-0"]
[WhiteElo "1872"]
[BlackElo "1862"]

1.e4 c5 2.Nf3 Nc6 3.Bb5 g6 4.Nc3 Bg7 5.O-O Nd4 6.Nxd4 cxd4 7.Ne2 a6 8.Bc4 b5
9.Bb3 Bb7 10.d3 d5 11.f3 e6 12.Bf4 Ne7 13.Qd2 O-O 14.Bh6 dxe4 15.fxe4 Nc6
16.Bxg7 Kxg7 17.Nf4 Qd6 18.Rf3 Ne5 19.Rh3 Ng4 20.Rf1 a5 21.a3 a4 22.Ba2 Rac8
23.Nh5+ Kg8 24.Nf6+ Nxf6 25.Rxf6 Kg7 26.Rff3 h5 27.Rxh5 Rh8 28.Rhh3 Qc5 29.Qf4 f5
30.Bxe6 Bxe4 31.Bxc8 Bxf3 32.Rxh8  1-0

[Event "TCh-FRA Top 12 2011"]
[Site "Mulhouse FRA"]
[Date "2011.06.05"]
[Round "11"]
[White "Terrieux,K"]
[Black "San Emeterio Cabanes,J"]
[Result "1/2-1/2"]
[WhiteElo "2434"]
[BlackElo "2398"]

1.e4 c5 2.Nf3 Nc6 3.Bb5 e6 4.O-O Nge7 5.Re1 a6 6.Bf1 Ng6 7.b3 Be7 8.Bb2 O-O
9.d4 cxd4 10.Nxd4 Nxd4 11.Bxd4 d5 12.exd5 Qxd5 13.c4 Qc6 14.Nd2 Rd8 15.Bc3 b5
16.Ba5 Rd7 17.Be2 Nh4 18.Bf3 Nxf3+ 19.Qxf3 Bb7 20.Qxc6 Bxc6 21.Nf3 Bxf3 22.gxf3 bxc4
23.bxc4 Rc8 24.Rac1 Kf8 25.Kf1 Bc5 26.Red1 Ke7 27.Rxd7+ Kxd7 28.Rb1 Kc6 29.f4 Ba7
30.Ke2 Rb8 31.Rxb8 Bxb8 32.Bd2 h5 33.h3 Bd6 34.Kd3 g6 35.f3 Be7 36.Be3 Bf6
37.Bc1 Kb6 38.Bd2 Kc5 39.Be1 Be7 40.Bd2 Bd6 41.Kc3 Kc6 42.Kd4 Bf8 43.Bc1 Bg7+
44.Kd3 Bh6 45.Be3 Bg7 46.Bc1 e5  1/2-1/2

[Event "TCh-BIH 2011"]
[Site "Neum BIH"]
[Date "2011.06.06"]
[Round "3.5"]
[White "Sekulic,V"]
[Black "Kurajica,B"]
[Result "0-1"]
[WhiteElo "2295"]
[BlackElo "2531"]

1.e4 c5 2.Nf3 Nc6 3.Bb5 e6 4.Bxc6 bxc6 5.d3 Ne7 6.Qe2 f6 7.O-O e5 8.Nh4 d6
9.Na3 g5 10.Qh5+ Kd7 11.Nf5 Nxf5 12.exf5 Qe8 13.Qf3 h5 14.Bd2 Rb8 15.Rfe1 Ke7
16.Bc3 Kf7 17.Nc4 Qd7 18.h3 g4 19.hxg4 hxg4 20.Qxg4 Qxf5 21.Qxf5 Bxf5 22.f4 d5
23.Na5 exf4 24.Nxc6 Rb6  0-1

[Event "ch-Africa Women"]
[Site "Maputo MOZ"]
[Date "2011.06.07"]
[Round "4"]
[White "Greeff,M"]
[Black "Wafa,Shrook"]
[Result "0-1"]
[WhiteElo "2080"]
[BlackElo "1768"]

1.e4 c5 2.Nf3 Nc6 3.Bb5 g6 4.Bxc6 dxc6 5.h3 Bg7 6.d3 e5 7.Be3 b6 8.g4 h6
9.Nc3 Ne7 10.Qd2 Be6 11.Ne2 Qd7 12.Qc3 Qc7 13.Ng3 O-O-O 14.a4 a5 15.Nd2 f5
16.gxf5 gxf5 17.Nh5 Bf8 18.f4 Bf7 19.Ng3 exf4 20.Qxh8 fxe3 21.Ndf1 f4 22.Ne2 f3
23.Nxe3 fxe2 24.Kxe2 Qg3 25.Qf6 Bh5+ 26.Kd2 Bg7 27.Qxe7 Qf2+ 28.Kc1 Qxe3+
29.Kb1 Qd4 30.Ra2 Rd7 31.Qe6 Kc7 32.Qc4 Bf7 33.Qxd4 Bxa2+ 34.Kxa2 Rxd4 35.b3 b5
36.Rg1 Be5 37.axb5 cxb5 38.Rg6 Bf4 39.Rg7+ Rd7 40.Rg6 Kb7 41.Rf6 Bg5 42.Rg6 Rf7
43.h4 Be3 44.e5 Re7 45.e6 Kc7 46.c3 Kd6 47.Rg8 Rxe6 48.Ra8 b4 49.Kb2 Bd2
50.Ra6+ Ke7 51.Ra7+ Kf6 52.c4 Bc3+ 53.Kc2 Re2+ 54.Kc1 Rh2 55.Rxa5 Bd4 56.Ra6+ Kg7
57.Ra7+ Kg6 58.Ra6+ Kh5 59.Kd1 Rxh4  0-1

[Event "TCh-BIH 2011"]
[Site "Neum BIH"]
[Date "2011.06.08"]
[Round "5.2"]
[White "Kovacevic,A"]
[Black "Miljkovic,Mir1"]
[Result "1-0"]
[WhiteElo "2575"]
[BlackElo "2506"]

1.e4 c5 2.Nf3 Nc6 3.Bb5 e6 4.O-O Nge7 5.c3 a6 6.Ba4 c4 7.Bc2 b5 8.b3 Bb7
9.Qe2 cxb3 10.axb3 Ng6 11.d4 Be7 12.g3 O-O 13.h4 Re8 14.Nbd2 b4 15.c4 d5
16.Bb2 a5 17.Bd3 Nf8 18.Rfe1 dxc4 19.Nxc4 Bf6 20.Qe3 Ne7 21.Red1 Nc8 22.Nfe5 Be7
23.Qf4 f6 24.Nf3 Nd6 25.Nxd6 Qxd6 26.Qe3 Rec8 27.Nd2 Qd8 28.Nc4 Nd7 29.Qf4 Nf8
30.h5 f5 31.d5 Bg5 32.Qd6 Qe8 33.Qb6  1-0

[Event "FSFMA June"]
[Site "Budapest HUN"]
[Date "2011.06.10"]
[Round "7"]
[White "Juracsik,J"]
[Black "Hocevar,N"]
[Result "1-0"]
[WhiteElo "2133"]
[BlackElo "2034"]

1.e4 c5 2.Nf3 Nc6 3.Bb5 g6 4.Bxc6 dxc6 5.d3 Bg7 6.O-O Bg4 7.h3 Bxf3 8.Qxf3 Nf6
9.Nc3 O-O 10.Be3 b6 11.g4 Nd7 12.Qg3 e6 13.f4 Bd4 14.Bxd4 cxd4 15.Ne2 c5
16.g5 f5 17.e5 b5 18.Qf3 Nb6 19.Qc6 Qc8 20.Qxb5 Nd5 21.Qa4 Rb8 22.Rab1 Rb4
23.Qa5 Ne3 24.Rf2 Qb7 25.b3 Nxc2 26.Rc1 Rb5 27.Qd2 Ne3 28.Nc3 dxc3 29.Qxe3 Qd5
30.Rxc3 Rd8 31.Rfc2 Qd4 32.Qxd4 Rxd4 33.Rxc5 Rxc5 34.Rxc5 Rxd3 35.Ra5 Rd7
36.Kf2 h6 37.gxh6 Kh7 38.Ra6 Re7 39.Kg3 Kxh6 40.Kh4 g5+ 41.fxg5+ Kg6 42.Rc6 f4
43.Kg4 f3 44.h4 f2 45.Rc1 Rf7 46.Rf1 Rf5 47.Kg3 Rxe5 48.Rxf2 Re3+ 49.Kg4 Re4+
50.Rf4  1-0

[Event "Djakovacki vezovi Open A"]
[Site "Djakovo CRO"]
[Date "2011.06.10"]
[Round "4.3"]
[White "Popovic,Du"]
[Black "Cebalo,M"]
[Result "0-1"]
[WhiteElo "2553"]
[BlackElo "2480"]

1.e4 c5 2.Nf3 Nc6 3.Bb5 d6 4.O-O Bd7 5.Re1 Nf6 6.c3 a6 7.Ba4 b5 8.Bc2 e5
9.h3 Be7 10.d4 Qc7 11.d5 Nd8 12.b3 O-O 13.Nbd2 g6 14.Nf1 Nh5 15.N3h2 f6 16.Ng3 Ng7
17.f4 exf4 18.Bxf4 Nf7 19.Kh1 Rae8 20.Rf1 Bd8 21.Qd2 Qc8 22.Rf2 Bb6 23.Be3 Ne5
24.Raf1 Qd8 25.Rf4 Ba5 26.Bd1 Qe7 27.Bc2 h5 28.h4 Bg4 29.R4f2 Bd8 30.Bd1 Qd7
31.Bf4 Bxd1 32.Qxd1 c4 33.bxc4 Nxc4 34.Bh6 f5 35.exf5 Bxh4 36.Rf3 Ne5 37.f6 Bxg3
38.Rxg3 Nf5 39.Rxf5 Qxf5 40.Bxf8 Rxf8 41.Nf3 Ng4 42.Qe1 Rxf6 43.Ng1 Nf2+
44.Kh2 Ng4+ 45.Kh1 Qxd5 46.Rf3 Qe5 47.Qh4 Kg7 48.Rxf6 Qxf6 49.Qg3 Nf2+ 50.Kh2 h4  0-1

[Event "TCh-BIH 2011"]
[Site "Neum BIH"]
[Date "2011.06.10"]
[Round "7.3"]
[White "Plakalovic,P"]
[Black "Nurkic,S"]
[Result "1-0"]
[WhiteElo "2240"]
[BlackElo "2411"]

1.e4 c5 2.Nf3 Nc6 3.Bb5 g6 4.O-O Bg7 5.Re1 e5 6.Bxc6 dxc6 7.d3 Qc7 8.Be3 b6
9.Nbd2 Nf6 10.Nc4 Nd7 11.Qd2 O-O 12.Bh6 Re8 13.Bxg7 Kxg7 14.Qc3 f6 15.a3 Nf8
16.b4 Bg4 17.Nfd2 cxb4 18.axb4 Re7 19.f4 exf4 20.e5 f5 21.Nd6 c5 22.e6+ Kg8
23.Nf7 Rxf7 24.exf7+ Qxf7 25.bxc5 bxc5 26.Qxc5 Ne6 27.Qd5 Nc7 28.Qc6 a5 29.Nc4 Ra6
30.Qc5 Re6 31.Rxe6 Nxe6 32.Qxa5 f3 33.Qe5 f4 34.Qd5 Qc7 35.gxf3 Bf5 36.Nd6 Qb6+
37.Kg2 Qe3 38.Nxf5 Qe2+ 39.Kg1 gxf5 40.Rf1 Kg7 41.Qxf5  1-0

[Event "Portuguese Honra"]
[Site "Vila Nova de Gaia POR"]
[Date "2011.06.10"]
[Round "6.5"]
[White "Aguiar,H"]
[Black "Saraiva,T"]
[Result "1-0"]
[WhiteElo "1897"]
[BlackElo "2025"]

1.e4 c5 2.Nf3 Nc6 3.Bb5 a6 4.Bxc6 bxc6 5.d3 d5 6.Qe2 e6 7.O-O Nf6 8.Bg5 Be7
9.c4 O-O 10.Nbd2 Bb7 11.h3 a5 12.Ne5 Nd7 13.Bxe7 Qxe7 14.Nxd7 Qxd7 15.Qe3 Qe7
16.e5 a4 17.Rfe1 Rfb8 18.Rec1 Ra5 19.Rab1 Ba8 20.f4 Rb6 21.Qf2 Bb7 22.b3 Bc8
23.bxa4 Rxb1 24.Rxb1 Rxa4 25.Nb3 Rb4 26.Rc1 d4 27.Qf3 Qc7 28.Nxc5 Rb2 29.Qe4 Qb6
30.Qxd4 Rxa2 31.Nxe6 Qxd4+ 32.Nxd4 Rd2 33.Nxc6 Bb7 34.Rb1  1-0

[Event "Portuguese Honra"]
[Site "Vila Nova de Gaia POR"]
[Date "2011.06.10"]
[Round "7.3"]
[White "Pires,G"]
[Black "Ferreira,Su"]
[Result "1-0"]
[WhiteElo "2012"]
[BlackElo "1683"]

1.e4 c5 2.Nf3 Nc6 3.Bb5 g6 4.O-O Bg7 5.c3 a6 6.Bxc6 bxc6 7.d3 Nf6 8.Be3 d6
9.h3 O-O 10.Nbd2 Qc7 11.Qc2 Nd7 12.Rfe1 a5 13.Nf1 Ba6 14.N1h2 e5 15.Rad1 Rad8
16.Ng4 Kh8 17.Bh6 f6 18.Bxg7+ Kxg7 19.Qc1 Nb6 20.d4 cxd4 21.cxd4 Rc8 22.b3 a4
23.bxa4 Nxa4 24.dxe5 dxe5 25.h4 Qe7 26.h5 g5 27.Ne3 Qe8 28.Nf5+ Kh8 29.Nd6 Qe6
30.Nxc8 Rxc8 31.Qa3 Bb5 32.Rd6 Qe7 33.Red1 Qf8 34.h6 Nb6 35.Qa7  1-0

[Event "35th Open"]
[Site "Fourmies FRA"]
[Date "2011.06.11"]
[Round "2.7"]
[White "Janev,E"]
[Black "Rode,A"]
[Result "1-0"]
[WhiteElo "2500"]
[BlackElo "2041"]

1.e4 c5 2.Nf3 Nc6 3.Bb5 e6 4.Bxc6 bxc6 5.d3 Ne7 6.Qe2 Qc7 7.O-O e5 8.Ng5 Ng6
9.Qh5 Be7 10.Nc3 d6 11.Ne2 Qd7 12.h3 d5 13.Ng3 Bxg5 14.Bxg5 Nf4 15.Bxf4 exf4
16.Qe5+ Kf8 17.Qxf4  1-0

[Event "35th Open"]
[Site "Fourmies FRA"]
[Date "2011.06.12"]
[Round "5.13"]
[White "Cappon,J"]
[Black "Debehaigne,B"]
[Result "1-0"]
[WhiteElo "2251"]
[BlackElo "1994"]

1.e4 c5 2.Nf3 Nc6 3.Bb5 e6 4.O-O Nge7 5.Re1 a6 6.Bf1 Ng6 7.c3 d5 8.exd5 Qxd5
9.d4 b5 10.c4 bxc4 11.Nc3 Qd6 12.d5 Nd8 13.Bxc4 h6 14.h4 Rb8 15.a3 Qe7 16.h5 Nh4
17.Ne5 Nf5 18.Qa4+ Bd7 19.Nxd7 Qxd7 20.Qxa6 Nd4 21.Bf4 Rb7 22.dxe6 fxe6 23.Bd3 Be7
24.Bg6+ Nf7 25.Qa8+ Bd8 26.Ne4 O-O 27.Nxc5 Ra7 28.Nxd7  1-0

[Event "20th ICSC TCh-EUR Club"]
[Site "Liverpool ENG"]
[Date "2011.06.12"]
[Round "7"]
[White "Zabolotny,V"]
[Black "Schmid,Ja"]
[Result "1-0"]
[WhiteElo "2195"]
[BlackElo "2091"]

1.e4 c5 2.Nf3 Nc6 3.Bb5 g6 4.O-O Bg7 5.c3 d6 6.h3 Bd7 7.Re1 a6 8.Bf1 Qc7
9.d3 e6 10.Be3 Nge7 11.Qd2 Ne5 12.Nxe5 dxe5 13.Na3 O-O 14.Rec1 b5 15.Nc2 Rfc8
16.Ne1 Qb7 17.Nf3 f5 18.Bh6 Bh8 19.Re1 Nc6 20.Qg5 Be8 21.exf5 exf5 22.Rad1 Qf7
23.b3 Ra7 24.Qe3 Qe7 25.g3 Bf7 26.Bg2 Qd6 27.Ng5 Bd5 28.Bf1 Re7 29.Ne4 Bxe4
30.dxe4 Qe6 31.Rd5 fxe4 32.Qxe4 Nd8 33.Red1 Nf7 34.Be3 Rec7 35.h4 Rc6 36.Kh2 R8c7
37.Bh3 Qe7 38.Kg1 Bf6 39.Rd7 Rxd7 40.Rxd7  1-0

[Event "Integra NSW Open"]
[Site "Parramatta AUS"]
[Date "2011.06.12"]
[Round "5"]
[White "Zhao Zong Yuan"]
[Black "Xie,G"]
[Result "1/2-1/2"]
[WhiteElo "2579"]
[BlackElo "2457"]

1.e4 c5 2.Nf3 Nc6 3.Bb5 e6 4.O-O Nge7 5.c3 d5 6.e5 Bd7 7.Ba4 c4 8.Re1 Ng6
9.b3 Qa5 10.Bxc6 bxc6 11.bxc4 dxc4 12.d4 cxd3 13.Qxd3 Be7 14.Nbd2 Qd5 15.Qc2  1/2-1/2

[Event "1st Chinese Celebrity"]
[Site "Shenzhen CHN"]
[Date "2011.06.12"]
[Round "3"]
[White "Li Chao2"]
[Black "Bu Xiangzhi"]
[Result "1-0"]
[WhiteElo "2656"]
[BlackElo "2662"]

1.e4 c5 2.Nf3 Nc6 3.Bb5 d6 4.O-O Bd7 5.Re1 Nf6 6.c3 a6 7.Bxc6 Bxc6 8.d4 Bxe4
9.Bg5 Bd5 10.c4 Bxc4 11.Nc3 cxd4 12.Nxd4 e6 13.Bxf6 Qxf6 14.Qa4+ b5 15.Ndxb5 Bxb5
16.Nxb5 axb5 17.Qxb5+ Ke7 18.Qb7+ Ke8 19.Qc6+ Ke7 20.Qxa8 Qxb2 21.Rab1 Qd2
22.a4 g5 23.Qf3 d5 24.Red1 Qf4 25.Qc3 e5 26.Qc6  1-0